Managerial statistics abbeviated
Na minha lista:
| Autor principal: | |
|---|---|
| Formato: | Livro |
| Idioma: | Undetermined |
| Publicado em: |
Australia
South-Western /Cengage Learning
2009
|
| Assuntos: | |
| Tags: |
Adicionar Tag
Sem tags, seja o primeiro a adicionar uma tag!
|
| Thư viện lưu trữ: | Trung tâm Học liệu Trường Đại học Cần Thơ |
|---|
| LEADER | 00511nam a2200181Ia 4500 | ||
|---|---|---|---|
| 001 | CTU_199583 | ||
| 008 | 210402s9999 xx 000 0 und d | ||
| 082 | |a 519.5 | ||
| 082 | |b K29/CD | ||
| 100 | |a Keller, Gerald | ||
| 245 | 0 | |a Managerial statistics abbeviated | |
| 245 | 0 | |c Gerald Keller | |
| 260 | |a Australia | ||
| 260 | |b South-Western /Cengage Learning | ||
| 260 | |c 2009 | ||
| 650 | |a Thống kê,Statistics | ||
| 904 | |i Lộc, Bằng | ||
| 980 | |a Trung tâm Học liệu Trường Đại học Cần Thơ | ||